[Event "Titled Tuesday intern op 24th Jan Late"]
[Site "Chess.com INT"]
[Date "2023.01.24"]
[Round "3"]
[White "Kukhmazov, Arsen"]
[Black "Kuznecovs, Nikita"]
[Result "1-0"]
[WhiteElo "2495"]
[BlackElo "2306"]
[PlyCount "47"]
[EventDate "2023.01.24"]
[EventType "swiss (blitz)"]
[EventRounds "11"]
[EventCountry "USA"]
[SourceTitle "EXT 2024"]
[Source "ChessBase"]
[SourceDate "2023.10.10"]
[SourceVersion "1"]
[SourceVersionDate "2023.10.10"]
[SourceQuality "1"]

1. c4 e5 2. g3 f5 3. Bg2 Nf6 4. Nc3 c6 5. d4 d6 6. Nf3 Nbd7 7. 0-0 Qe7 8. dxe5 dxe5 9. e4 fxe4 10. Ng5 Nc5 11. Ngxe4 Be6 12. Nxc5 Qxc5 13. b3 Bg4 14. Qe1 0-0-0 15. Be3 Qa5 16. a3 Qa6 17. Na4 Nd7 18. Qc3 Be7 19. Qc2 Be6 20. Rfc1 Nb6 21. Nxb6+ axb6 22. b4 Kb8 23. b5 Qa4 24. Qxa4 1-0

[Event "Titled Tuesday intern op 24th Jan Late"]
[Site "Chess.com INT"]
[Date "2023.01.24"]
[Round "7"]
[White "Kuznecovs, Nikita"]
[Black "Tan, Zhongyi"]
[Result "0-1"]
[WhiteElo "2306"]
[BlackElo "2530"]
[PlyCount "110"]
[EventDate "2023.01.24"]
[EventType "swiss (blitz)"]
[EventRounds "11"]
[EventCountry "USA"]
[SourceTitle "EXT 2024"]
[Source "ChessBase"]
[SourceDate "2023.10.10"]
[SourceVersion "1"]
[SourceVersionDate "2023.10.10"]
[SourceQuality "1"]

1. Nf3 d5 2. g3 c5 3. Bg2 Nc6 4. 0-0 e5 5. d3 Nf6 6. e4 d4 7. Nh4 Be7 8. Nf5 Bxf5 9. exf5 Qd7 10. Qf3 0-0 11. Na3 Rad8 12. Re1 Nd5 13. Nc4 f6 14. a3 Rfe8 15. h4 Bf8 16. g4 b5 17. Nd2 Na5 18. Ne4 c4 19. Bd2 Nc6 20. g5 Nce7 21. Bh3 Kh8 22. Kh1 Rc8 23. Rg1 cxd3 24. cxd3 Rc2 25. Bb4 Ng8 26. Rac1 Rxc1 27. Rxc1 Bxb4 28. axb4 Nf4 29. Nc5 Qe7 30. Rg1 a5 31. Ne4 axb4 32. Rg4 Rc8 33. Rxf4 exf4 34. Qh5 Rc1+ 35. Kg2 Rc2 36. Bg4 Rxb2 37. Bf3 b3 38. g6 h6 39. Qg4 Rc2 40. Qxf4 b2 41. Nd6 b1Q 42. Nf7+ Qxf7 43. gxf7 Rc8 44. fxg8Q+ Rxg8 45. Qg4 Qxd3 46. Qg6 b4 47. Bd5 Rf8 48. f3 Qe2+ 49. Kg3 Qb5 50. Be4 Qb8+ 51. Kg4 b3 52. Kh5 Qe8 53. Qxe8 Rxe8 54. Kg6 Rxe4 55. fxe4 b2 0-1

[Event "Titled Tuesday intern op 17th Jan Early"]
[Site "Chess.com INT"]
[Date "2023.01.17"]
[Round "1"]
[White "Timofeev, Artyom"]
[Black "Kuznecovs, Nikita"]
[Result "1-0"]
[WhiteElo "2567"]
[BlackElo "2306"]
[PlyCount "107"]
[EventDate "2023.01.17"]
[EventType "swiss (blitz)"]
[EventRounds "11"]
[EventCountry "USA"]
[SourceTitle "CBM 212 Extra"]
[Source "ChessBase"]
[SourceDate "2023.03.31"]
[SourceVersion "1"]
[SourceVersionDate "2023.03.31"]
[SourceQuality "1"]

1. e4 e6 2. Qe2 Be7 3. Nf3 d5 4. d3 Nf6 5. g3 b6 6. exd5 exd5 7. Bg2 0-0 8. 0-0 Bb7 9. Bf4 Nbd7 10. Nbd2 Re8 11. Qd1 Nc5 12. Be3 Ng4 13. Re1 Nxe3 14. Rxe3 Bf6 15. Rxe8+ Qxe8 16. d4 Ne6 17. c3 c5 18. dxc5 bxc5 19. h4 Rd8 20. Qb3 Ba8 21. Re1 d4 22. cxd4 cxd4 23. Nc4 Qc6 24. h5 Nc5 25. Qa3 Qd5 26. Nce5 d3 27. Ng4 Be7 28. Rxe7 d2 29. Ne3 d1Q+ 30. Nxd1 Qxd1+ 31. Ne1 Nd3 32. Qc3 Kf8 33. Re3 Nxe1 34. Rxe1 Qd6 35. Bxa8 Rxa8 36. Qe5 Qxe5 37. Rxe5 Rb8 38. b3 Rb6 39. Ra5 a6 40. Kg2 Ke7 41. Kf3 Ke6 42. Ke4 g6 43. h6 f5+ 44. Kd4 Kf6 45. f4 g5 46. Kc5 Re6 47. b4 g4 48. a4 Kg6 49. b5 axb5 50. axb5 Kxh6 51. b6 Re2 52. b7 Re8 53. Rb5 Rb8 54. Kd6 1-0

[Event "Titled Tuesday intern op 10th Jan Early"]
[Site "Chess.com INT"]
[Date "2023.01.10"]
[Round "9"]
[White "Kuznecovs, Nikita"]
[Black "Kleiman, Jake"]
[Result "1-0"]
[WhiteElo "2306"]
[BlackElo "2399"]
[PlyCount "49"]
[EventDate "2023.01.10"]
[EventType "swiss (blitz)"]
[EventRounds "11"]
[EventCountry "USA"]
[SourceTitle "EXT 2024"]
[Source "ChessBase"]
[SourceDate "2023.10.10"]
[SourceVersion "1"]
[SourceVersionDate "2023.10.10"]
[SourceQuality "1"]

1. Nf3 d5 2. g3 e6 3. Bg2 Nf6 4. 0-0 g6 5. c4 Bg7 6. d4 0-0 7. Nc3 Ne4 8. Qc2 Nxc3 9. bxc3 Nc6 10. e4 dxe4 11. Qxe4 e5 12. Be3 Bf5 13. Qd5 exd4 14. Nxd4 Bd7 15. Rab1 Qc8 16. Rfd1 Rb8 17. Rd2 Re8 18. Rdb2 Re5 19. Nxc6 bxc6 20. Rxb8 cxd5 21. Rxc8+ Bxc8 22. cxd5 Re8 23. c4 a6 24. Rb8 Rf8 25. Bf4 1-0

[Event "Titled Tuesday intern op 10th Jan Late"]
[Site "Chess.com INT"]
[Date "2023.01.10"]
[Round "3"]
[White "Kuznecovs, Nikita"]
[Black "Sailer, Mike L"]
[Result "1-0"]
[WhiteElo "2306"]
[BlackElo "2109"]
[PlyCount "87"]
[EventDate "2023.01.10"]
[EventType "swiss (blitz)"]
[EventRounds "11"]
[EventCountry "USA"]
[SourceTitle "EXT 2024"]
[Source "ChessBase"]
[SourceDate "2023.10.10"]
[SourceVersion "1"]
[SourceVersionDate "2023.10.10"]
[SourceQuality "1"]

1. Nf3 d5 2. c4 e6 3. g3 Nf6 4. Bg2 Be7 5. 0-0 0-0 6. b3 b6 7. Bb2 Bb7 8. d3 c5 9. e3 Nbd7 10. Nbd2 Re8 11. Qe2 a5 12. e4 Nb8 13. h3 a4 14. e5 Nfd7 15. Nh2 Qc7 16. f4 d4 17. f5 Bxg2 18. Qxg2 exf5 19. Qxa8 Qxe5 20. Qf3 Bg5 21. Rad1 Be3+ 22. Kh1 g6 23. Rfe1 axb3 24. axb3 Na6 25. Ndf1 Qe6 26. Nxe3 dxe3 27. Re2 Nb4 28. Nf1 f4 29. gxf4 Qf5 30. Rxe3 Ra8 31. Qg4 Qxg4 32. hxg4 Ra2 33. Bc3 Nc6 34. Re8+ Nf8 35. Bf6 Rf2 36. g5 Rxf4 37. Ne3 h6 38. Nd5 Rh4+ 39. Kg2 hxg5 40. Ne7+ Nxe7 41. Bxe7 Rg4+ 42. Kf3 Rf4+ 43. Kg3 Kg7 44. Bxf8+ 1-0

[Event "Titled Tuesday intern op 10th Jan Late"]
[Site "Chess.com INT"]
[Date "2023.01.10"]
[Round "8"]
[White "Kuznecovs, Nikita"]
[Black "Timmermans, Mark"]
[Result "1-0"]
[WhiteElo "2306"]
[BlackElo "2392"]
[PlyCount "149"]
[EventDate "2023.01.10"]
[EventType "swiss (blitz)"]
[EventRounds "11"]
[EventCountry "USA"]
[SourceTitle "EXT 2024"]
[Source "ChessBase"]
[SourceDate "2023.10.10"]
[SourceVersion "1"]
[SourceVersionDate "2023.10.10"]
[SourceQuality "1"]

1. Nf3 Nf6 2. g3 e6 3. Bg2 d5 4. 0-0 Be7 5. c4 0-0 6. b3 c5 7. Bb2 b6 8. cxd5 Nxd5 9. d3 Bb7 10. Nbd2 Nc6 11. a3 Bf6 12. Qc1 Bxb2 13. Qxb2 Qe7 14. Rac1 Rac8 15. Nc4 Rfd8 16. Ne3 Nxe3 17. fxe3 e5 18. Nd2 f6 19. b4 cxb4 20. axb4 Rc7 21. Rc4 b5 22. Rc5 a6 23. Rfc1 Rdc8 24. Qc3 Qd7 25. Nb3 Qd8 26. Na5 Nd4 27. exd4 exd4 28. Qb3+ Kf8 29. Nxb7 Qe7 30. Rxc7 Rxc7 31. Rxc7 Qxc7 32. Qb2 Qe5 33. Nc5 Kf7 34. Nb3 Qe3+ 35. Kf1 Qh6 36. Qxd4 Qxh2 37. Bd5+ Ke7 38. Qc5+ Kd8 39. Qd6+ Ke8 40. Bc6+ Kf7 41. Qd7+ Kg6 42. Be4+ Kh6 43. Qf5 g6 44. Qf4+ Kg7 45. Nd4 Qh3+ 46. Kf2 Qd7 47. Nf3 Qa7+ 48. Qe3 Qe7 49. Qd4 h5 50. Kg2 Kh6 51. Nd2 f5 52. Bf3 Kh7 53. Nf1 Qc7 54. Ne3 a5 55. bxa5 Qxa5 56. Nd5 Kh6 57. Qf4+ Kg7 58. Qc7+ Qxc7 59. Nxc7 b4 60. Bd5 Kf6 61. Bb3 Ke5 62. Nd5 g5 63. Nxb4 Kd4 64. Bf7 h4 65. gxh4 gxh4 66. Bg6 Ke3 67. Kf1 f4 68. Be4 h3 69. Nc2+ Kd2 70. Nd4 Ke3 71. Ne6 h2 72. Bf3 Kd2 73. Nxf4 Ke3 74. Ne6 Kd2 75. d4 1-0

[Event "Titled Tuesday intern op 10th Jan Late"]
[Site "Chess.com INT"]
[Date "2023.01.10"]
[Round "5"]
[White "Sargsyan, Anna M"]
[Black "Kuznecovs, Nikita"]
[Result "0-1"]
[WhiteElo "2361"]
[BlackElo "2306"]
[PlyCount "50"]
[EventDate "2023.01.10"]
[EventType "swiss (blitz)"]
[EventRounds "11"]
[EventCountry "USA"]
[SourceTitle "EXT 2024"]
[Source "ChessBase"]
[SourceDate "2023.10.10"]
[SourceVersion "1"]
[SourceVersionDate "2023.10.10"]
[SourceQuality "1"]

1. d4 Nf6 2. c4 e6 3. g3 c5 4. d5 exd5 5. cxd5 d6 6. Bg2 g6 7. Nc3 Bg7 8. e4 0-0 9. f4 Re8 10. Nge2 h5 11. 0-0 h4 12. f5 b5 13. fxg6 fxg6 14. Bg5 b4 15. e5 dxe5 16. Ne4 Nbd7 17. Qb3 c4 18. Qxc4 Qb6+ 19. Kh1 Ba6 20. Nxf6+ Bxf6 21. Qb3 Bxg5 22. d6+ Kh8 23. Rf7 Bb7 24. Rxd7 Bxg2+ 25. Kxg2 Qc6+ 0-1

[Event "BL2-Ost 2122"]
[Site "Germany"]
[Date "2022.05.01"]
[Round "4.8"]
[White "Ruether, Rudolf"]
[Black "Kuznecovs, Nikita"]
[Result "0-1"]
[WhiteElo "2053"]
[BlackElo "2279"]
[PlyCount "112"]
[EventDate "2022.03.05"]
[EventType "team-tourn"]
[EventRounds "10"]
[EventCountry "GER"]
[SourceTitle "EXT 2023"]
[Source "ChessBase"]
[SourceDate "2022.10.05"]
[SourceVersion "1"]
[SourceVersionDate "2022.10.05"]
[SourceQuality "1"]
[WhiteTeam "Erfurt"]
[BlackTeam "Deggendorf"]
[WhiteTeamCountry "GER"]
[BlackTeamCountry "GER"]

1. d4 Nf6 2. c4 e6 3. Nc3 Bb4 4. e3 0-0 5. Nge2 Re8 6. a3 Bf8 7. Ng3 d6 8. Be2 e5 9. dxe5 dxe5 10. 0-0 c6 11. Qc2 Qc7 12. b3 a5 13. Bb2 Na6 14. Na4 Be6 15. Rfd1 b5 16. Nc3 b4 17. Nce4 Nxe4 18. Qxe4 f6 19. a4 g6 20. Qc2 f5 21. Rd2 Rad8 22. Rad1 Rxd2 23. Rxd2 Nc5 24. Bd1 Bh6 25. Re2 Bg5 26. Ba1 h5 27. Nf1 Bf6 28. f3 h4 29. Rd2 Kf7 30. Qb2 Bc8 31. Bc2 Re6 32. Qc1 Bg5 33. Qe1 Bd8 34. Qf2 Be7 35. g3 h3 36. g4 f4 37. e4 Nb7 38. Kh1 g5 39. Qe1 Bc5 40. Rd1 Re8 41. Nd2 Qb6 42. Qf1 Qd8 43. Qxh3 Rh8 44. Qg2 Qf6 45. Nf1 Nd8 46. Nd2 Ne6 47. Qf1 Nf8 48. Qe2 Rh3 49. Nf1 Ng6 50. Bb2 Nh4 51. Rd3 Qh8 52. Bd1 Kg6 53. Qd2 Rg3 54. Rd6+ Kf7 55. Rd7+ Ke6 56. Rd6+ Bxd6 0-1

[Event "Riga Tech Rapid op"]
[Site "Riga"]
[Date "2021.08.08"]
[Round "8"]
[White "Mierins, Emils Janis"]
[Black "Kuznecovs, Nikita"]
[Result "1-0"]
[WhiteElo "1822"]
[BlackElo "2267"]
[PlyCount "73"]
[EventDate "2021.08.08"]
[EventType "swiss (rapid)"]
[EventRounds "9"]
[EventCountry "LAT"]
[SourceTitle "CBM 203 Extra"]
[Source "ChessBase"]
[SourceDate "2021.09.30"]
[SourceVersion "1"]
[SourceVersionDate "2021.09.30"]
[SourceQuality "1"]

1. e4 e6 2. d4 d5 3. exd5 exd5 4. Bd3 c5 5. c3 Nf6 6. Nf3 Bd6 7. 0-0 0-0 8. Bg5 h6 9. Bh4 Nc6 10. Nbd2 Re8 11. Re1 Be6 12. dxc5 Bxc5 13. Nb3 Bb6 14. Nbd4 Bd7 15. Qd2 Nxd4 16. cxd4 Rxe1+ 17. Rxe1 Rc8 18. Qf4 Be6 19. Ne5 g5 20. Bxg5 hxg5 21. Qxg5+ Kf8 22. Qh6+ Ke7 23. Bf5 Bxf5 24. Nc6+ Kd7 25. Nxd8 Bxd8 26. h4 Rc2 27. h5 Be6 28. f3 Rxb2 29. g4 Rb4 30. g5 Nxh5 31. Qxh5 Rxd4 32. Qh6 Bb6 33. Kg2 Ba5 34. Rxe6 Rd2+ 35. Kf1 fxe6 36. g6 Bc3 37. Qxd2 1-0

[Event "Riga Tech Rapid op"]
[Site "Riga"]
[Date "2021.08.08"]
[Round "6"]
[White "Zvereva, Margarita"]
[Black "Kuznecovs, Nikita"]
[Result "0-1"]
[WhiteElo "2024"]
[BlackElo "2267"]
[PlyCount "138"]
[EventDate "2021.08.08"]
[EventType "swiss (rapid)"]
[EventRounds "9"]
[EventCountry "LAT"]
[SourceTitle "CBM 203 Extra"]
[Source "ChessBase"]
[SourceDate "2021.09.30"]
[SourceVersion "1"]
[SourceVersionDate "2021.09.30"]
[SourceQuality "1"]

1. e4 e6 2. d4 d5 3. Nd2 Be7 4. Ngf3 Nf6 5. Bd3 c5 6. c3 Nc6 7. e5 Nd7 8. Nf1 Rb8 9. Ng3 b5 10. 0-0 b4 11. Bc2 bxc3 12. bxc3 cxd4 13. cxd4 Nb4 14. Ba4 Ba6 15. Re1 0-0 16. Ba3 Nb6 17. Bb3 Nc4 18. Bxb4 Rxb4 19. a3 Rb7 20. Bxc4 Bxc4 21. Nd2 Bd3 22. Qf3 Bg6 23. Nc4 Qb8 24. Na5 Rb6 25. Rec1 Rc8 26. Ne2 Bg5 27. Rxc8+ Qxc8 28. h4 Be4 29. Qg3 Bh6 30. Nc3 Bg6 31. h5 Bxh5 32. Qd3 Bg6 33. Qf3 Bd2 34. Na4 Bxa5 35. Nxb6 Bxb6 36. Qe3 f6 37. Rc1 Qd7 38. exf6 gxf6 39. Qc3 Kf7 40. Qb4 Qe7 41. Qa4 Qb7 42. Qb4 Qd7 43. a4 Qd8 44. Rc6 Bf5 45. Qc3 Qd7 46. Rc8 Bxd4 47. Qc1 Bb6 48. Ra8 Kg7 49. Qf4 d4 50. Qb8 d3 51. Qh8+ Kh6 52. Qxf6+ Bg6 53. Qf4+ Kh5 54. g4+ Kh4 55. Qg3+ Kg5 56. Qe5+ Kxg4 57. Qg3+ Kh5 58. Qh3+ Kg5 59. Qg3+ Kf6 60. Qf4+ Bf5 61. Qh6+ Ke5 62. Qh2+ Kd5 63. Qg2+ Kc4 64. Qf3 d2 65. Qf4+ Kb3 66. Qf3+ Qd3 67. Qd1+ Qc2 68. Qf3+ Qc3 69. Qd1+ Bc2 0-1

[Event "GER-chT Lands U20"]
[Site "Berlin"]
[Date "2020.10.02"]
[Round "4.2"]
[White "Kuznecovs, Nikita"]
[Black "Knuedel, Torben"]
[Result "1-0"]
[WhiteElo "2276"]
[BlackElo "2211"]
[PlyCount "67"]
[EventDate "2020.09.29"]
[EventType "team-swiss"]
[EventRounds "7"]
[EventCountry "GER"]
[SourceTitle "CBM 198 Extra"]
[Source "ChessBase"]
[SourceDate "2020.11.30"]
[SourceVersion "1"]
[SourceVersionDate "2020.11.30"]
[SourceQuality "1"]
[WhiteTeam "Thueringen U20"]
[BlackTeam "Niedersachsen U20"]
[WhiteTeamCountry "GER"]
[BlackTeamCountry "GER"]

1. e4 e5 2. Nf3 Nc6 3. Bc4 Bc5 4. b4 Bxb4 5. c3 Ba5 6. d4 d6 7. Qb3 Qd7 8. 0-0 Bb6 9. Nbd2 Na5 10. Qb1 Nxc4 11. Nxc4 Qe6 12. Qd3 Bd7 13. a4 a6 14. Rb1 Bxa4 15. Rxb6 Bb5 16. Rxb5 axb5 17. Ne3 Nf6 18. dxe5 dxe5 19. Qxb5+ c6 20. Qb4 Qe7 21. Qxe7+ Kxe7 22. Nf5+ Kf8 23. Nxe5 Nxe4 24. Re1 Ra1 25. g4 h5 26. Kg2 Nc5 27. Nd6 g5 28. c4 Rb1 29. Nexf7 Nd3 30. Re8+ Kg7 31. Rxh8 Rxc1 32. gxh5 Rc3 33. h6+ Kf6 34. Ne4+ 1-0

[Event "GER-chT Lands U20"]
[Site "Berlin"]
[Date "2020.09.30"]
[Round "2.7"]
[White "Colbow, Collin"]
[Black "Kuznecovs, Nikita"]
[Result "1-0"]
[WhiteElo "2210"]
[BlackElo "2276"]
[PlyCount "87"]
[EventDate "2020.09.29"]
[EventType "team-swiss"]
[EventRounds "7"]
[EventCountry "GER"]
[SourceTitle "CBM 198 Extra"]
[Source "ChessBase"]
[SourceDate "2020.11.30"]
[SourceVersion "1"]
[SourceVersionDate "2020.11.30"]
[SourceQuality "1"]
[WhiteTeam "Bremen U20"]
[BlackTeam "Thueringen U20"]
[WhiteTeamCountry "GER"]
[BlackTeamCountry "GER"]

1. e4 e6 2. d4 d5 3. Nd2 Be7 4. Bd3 c5 5. dxc5 Nf6 6. Qe2 0-0 7. Ngf3 a5 8. 0-0 Na6 9. e5 Nd7 10. c4 Ndxc5 11. Bb1 Nb4 12. Rd1 b6 13. Nd4 dxc4 14. Nxc4 Ba6 15. a3 Nd5 16. Qc2 g6 17. Bh6 Rc8 18. Bxf8 Bxf8 19. Nd6 Bxd6 20. exd6 e5 21. Nc6 Rxc6 22. Rxd5 Rxd6 23. Rxd6 Qxd6 24. Ba2 Qd4 25. Qc3 Qf4 26. Qe3 Qf6 27. Rd1 a4 28. Rd5 e4 29. Qd4 Qxd4 30. Rxd4 Bd3 31. Rd6 b5 32. Rf6 Nb3 33. Bxb3 axb3 34. Rd6 Kf8 35. Rd4 Ke7 36. Rb4 Kd6 37. Rxb3 f5 38. f4 Kd5 39. Kf2 Kd4 40. Rb4+ Bc4 41. b3 Kd3 42. bxc4 bxc4 43. Ke1 c3 44. Rb7 1-0

[Event "GER-chT Lands U20"]
[Site "Berlin"]
[Date "2020.09.30"]
[Round "1.7"]
[White "Fromm, Marius"]
[Black "Kuznecovs, Nikita"]
[Result "1-0"]
[WhiteElo "2190"]
[BlackElo "2276"]
[PlyCount "119"]
[EventDate "2020.09.29"]
[EventType "team-swiss"]
[EventRounds "7"]
[EventCountry "GER"]
[SourceTitle "CBM 198 Extra"]
[Source "ChessBase"]
[SourceDate "2020.11.30"]
[SourceVersion "1"]
[SourceVersionDate "2020.11.30"]
[SourceQuality "1"]
[WhiteTeam "Mecklenburg Vorpommern U20"]
[BlackTeam "Thueringen U20"]
[WhiteTeamCountry "GER"]
[BlackTeamCountry "GER"]

1. e4 e6 2. d4 d5 3. Nc3 Nf6 4. e5 Nfd7 5. f4 c5 6. Nf3 Nc6 7. Be3 Be7 8. dxc5 Nxc5 9. Be2 0-0 10. 0-0 b6 11. Nd4 Bb7 12. Qd2 Qd7 13. Rad1 Rfd8 14. Bb5 Qc7 15. Qf2 Nxd4 16. Bxd4 Bf8 17. Rfe1 g6 18. Bd3 Nxd3 19. Rxd3 Rdc8 20. a3 Ba6 21. Rh3 Qd8 22. Rd1 Rc6 23. Rg3 Bg7 24. Na2 Bb7 25. Nb4 Rc7 26. c3 Bc6 27. Re1 Ba4 28. Nd3 Qc8 29. Rh3 Be8 30. Qh4 h6 31. Nf2 Qd8 32. Qg3 h5 33. Nd3 b5 34. f5 exf5 35. e6 fxe6 36. Rxe6 Re7 37. Rxe7 Qxe7 38. Ne5 Rc8 39. Qf3 Bf7 40. Qf4 Kh7 41. Rxh5+ Kg8 42. Rh3 a5 43. Re3 Qd6 44. b4 axb4 45. axb4 Ra8 46. h3 Ra1+ 47. Kh2 Kh7 48. Qg3 Kg8 49. Qf2 Rd1 50. Qe2 Rc1 51. g3 Bf6 52. Qxb5 f4 53. gxf4 Bh4 54. Qe2 Rb1 55. Qg4 g5 56. Qf5 Rb2+ 57. Kh1 Qe6 58. Nxf7 Qxf7 59. Qxf7+ Kxf7 60. fxg5 1-0

[Event "Erfurt op-A 29th"]
[Site "Erfurt"]
[Date "2019.12.28"]
[Round "5"]
[White "Abel, Dennes"]
[Black "Kuznecovs, Nikita"]
[Result "0-1"]
[WhiteElo "2463"]
[BlackElo "2306"]
[PlyCount "78"]
[EventDate "2019.12.26"]
[EventType "swiss"]
[EventRounds "8"]
[EventCountry "GER"]
[SourceTitle "CBM 194 Extra"]
[Source "ChessBase"]
[SourceDate "2020.03.31"]
[SourceVersion "1"]
[SourceVersionDate "2020.03.31"]
[SourceQuality "1"]

1. Nf3 Nf6 2. c4 e6 3. g3 d5 4. d4 Be7 5. Bg2 0-0 6. Nc3 c6 7. Qd3 dxc4 8. Qxc4 b5 9. Qd3 Ba6 10. Qc2 Nbd7 11. 0-0 Rc8 12. Rd1 b4 13. Ne4 Nxe4 14. Qxe4 Nf6 15. Qc2 Qb6 16. e4 c5 17. d5 exd5 18. exd5 c4 19. Be3 Bc5 20. Bxc5 Rxc5 21. Ng5 Rd8 22. Ne4 Nxe4 23. Bxe4 g6 24. Rd4 Ra5 25. Qd2 Qc5 26. Qe3 Bb5 27. h4 Ra6 28. h5 Re8 29. hxg6 hxg6 30. g4 Kg7 31. Kg2 f5 32. Rh1 f4 33. Qe2 c3 34. bxc3 bxc3 35. Qd1 Be2 36. Qxe2 Qxd4 37. Qxa6 Qxe4+ 38. Kg1 Qb1+ 39. Kg2 f3+ 0-1

[Event "Oberliga Ost-B 1920"]
[Site "Germany"]
[Date "2019.12.07"]
[Round "4.1"]
[White "Konopka, Michal"]
[Black "Kuznecovs, Nikita"]
[Result "0-1"]
[WhiteElo "2353"]
[BlackElo "2292"]
[PlyCount "84"]
[EventDate "2019.09.29"]
[EventType "team-tourn"]
[EventRounds "11"]
[EventCountry "GER"]
[SourceTitle "EXT 2021"]
[Source "ChessBase"]
[SourceDate "2020.10.23"]
[SourceVersion "1"]
[SourceVersionDate "2020.10.23"]
[SourceQuality "1"]
[WhiteTeam "Schoeneck"]
[BlackTeam "Stadtilm Blau Weiss"]
[WhiteTeamCountry "GER"]
[BlackTeamCountry "GER"]

1. Nf3 Nf6 2. c4 e6 3. g3 d5 4. Bg2 dxc4 5. Qa4+ c6 6. Qxc4 b5 7. Qc2 Bb7 8. Nc3 Nbd7 9. 0-0 Rc8 10. d3 Be7 11. a4 a6 12. e4 0-0 13. h3 Nc5 14. Rd1 b4 15. Ne2 b3 16. Qd2 a5 17. Ned4 Ba6 18. Bf1 Qb6 19. Qc3 Nfd7 20. Be3 Rb8 21. Nd2 Bf6 22. Rdc1 Rfc8 23. Nc4 Bxc4 24. Qxc4 Qd8 25. Bd2 Nb6 26. Qxc5 Bxd4 27. Qxa5 Bxb2 28. Rab1 Bxc1 29. Bxc1 Ra8 30. Qe5 Nxa4 31. Rxb3 Ra5 32. Qa1 Nc5 33. Ra3 Nb3 34. Qc3 Rxa3 35. Bxa3 Nd4 36. Qc5 Rb8 37. Qh5 Rb5 38. Qd1 c5 39. Qc1 Qb6 40. Kg2 h6 41. Qf4 Qa5 42. Bc1 Rb1 0-1

[Event "Oberliga Ost-B 1920"]
[Site "Germany"]
[Date "2019.11.16"]
[Round "2.1"]
[White "Kuznecovs, Nikita"]
[Black "Nothnagel, Marian Can"]
[Result "0-1"]
[WhiteElo "2292"]
[BlackElo "2363"]
[PlyCount "48"]
[EventDate "2019.09.29"]
[EventType "team-tourn"]
[EventRounds "11"]
[EventCountry "GER"]
[SourceTitle "EXT 2021"]
[Source "ChessBase"]
[SourceDate "2020.10.23"]
[SourceVersion "1"]
[SourceVersionDate "2020.10.23"]
[SourceQuality "1"]
[WhiteTeam "Stadtilm Blau Weiss"]
[BlackTeam "Griesheim"]
[WhiteTeamCountry "GER"]
[BlackTeamCountry "GER"]

1. d4 Nf6 2. c4 g6 3. Nf3 Bg7 4. Nc3 d6 5. e4 0-0 6. Be2 Nbd7 7. 0-0 e5 8. Qc2 c6 9. Rd1 Qe7 10. Rb1 a5 11. b3 exd4 12. Nxd4 Nc5 13. f3 Re8 14. Bf1 Nh5 15. a3 f5 16. b4 fxe4 17. bxc5 dxc5 18. Nde2 exf3 19. gxf3 Bf5 20. Ne4 Qh4 21. Bb2 Rxe4 22. fxe4 Bxe4 23. Rd3 Rf8 24. Nc1 Bh6 0-1